Statistics for A-Z: Food

Click here to take the quiz!

General Stats

  • This quiz has been taken 70 times
  • The average score is 18 of 26

Answer Stats

Answer% Correct
Apple
100%
Banana
100%
Carrot
100%
Doughnut
97%
Ice Cream
94%
Kiwi
94%
Ham
92%
Orange
92%
Mango
91%
Lasagne
89%
Tomato
89%
Watermelon
88%
Yoghurt
83%
Zucchini
82%
Radish
80%
Quiche
71%
Pomegranate
68%
Veal
61%
Falafel
55%
Gherkin
48%
Enchilada
30%
Nigiri
29%
Udon
29%
Swede
24%
Jalepeño
23%
Xôi Sắn
2%

Score Distribution

Percentile by Number Answered

Percent of People with Each Score

Your Score History

You have not taken this quiz